000 00819nam a2200337Ia 4500
005 20260514124340.0
008 008 261405s9999 xx 000 0 eng d
037 _aThesis
040 _aCRL
040 _beng
040 _cCRL
041 _2eng
041 _aeng
084 _qCRL
100 _aDr.Pallvai Priya
_91239492
245 0 _aStudy of Emteric Pathogens in Children with HIV/AIDS at a Tertiary Care Centre
260 _aDelhi
260 _bUniversity of Delhi
260 _c2016
300 _a109p.
502 _bPh.D.
502 _cUniversity of Delhi
502 _d2016
541 _oThesis
650 _aMicrobiology
700 _aDr.Praveen Kumar
_91239404
700 _aDr.Sonal Saxena
_91239493
710 _aMicrobiology
942 _cTH
999 _c1851709
_d1851709